| 000 | 00829nam a22002177a 4500 | ||
|---|---|---|---|
| 999 |
_c21375 _d21375 |
||
| 003 | AR-CdUCM | ||
| 008 | 190402b ||||| |||| 00| 0 spa d | ||
| 040 |
_aMUNICIPALIDAD PROVINCIAL DEL CUSCO _cBIBLIOTECA MUNICIPAL DEL CUSCO |
||
| 082 |
_a343.2/L25/1897 _bL25 _2Segunda |
||
| 245 |
_aLa constitución del Perú con sus reformas hasta 1897 : _bexplicada y anotada para las escuelas y colegios / |
||
| 260 |
_aLima ; _bImprenta Ledesma, _c1897. |
||
| 300 |
_a137 Páginas. : _c21 cm. |
||
| 505 | _aContenido : Constitución Política del Perú del año de 1897. | ||
| 650 |
_aCongreso de la República _928012 |
||
| 650 |
_aConstitución Política del Perú _928715 |
||
| 650 |
_aLegislación peruana _99407 |
||
| 650 |
_aPerú _944586 |
||
| 700 |
_aMiguel Antonio de la Lama _944587 |
||
| 942 |
_2ddc _cLIBROS |
||
| 945 | _aRoel | ||